01126nam a2200313Ia 4500001001200000003000800012006001900020007001500039008004100054020001800095020001800113040002100131035002100152050002800173082001400201100001700215245007100232260003300303300002400336490001600360500002000376533015200396650002600548650004900574655002900623710001700652856012600669999001700795ebr10740433CaPaEBRm o u cr cn|||||||||111102s2013 njua s 001 0 eng d z9781118575291 z9781118575383 aCaPaEBRcCaPaEBR a(OCoLC)85705965714aTK5105.888b.B53 2013eb04a006.72231 aBlack, Kris.10aSquarespace 6 for dummiesh[electronic resource] /cby Kris Black. aHoboken, NJ :bWiley,c2013. axvi, 344 p. :bill.0 aFor dummies aIncludes index. aElectronic reproduction.bPalo Alto, Calif. :cebrary,d2013.nAvailable via World Wide Web.nAccess may be limited to ebrary affiliated libraries. 0aWeb site development. 0aProgramming languages (Electronic computers) 7aElectronic books.2local2 aebrary, Inc.40uhttp://site.ebrary.com/lib/rucke/Doc?id=10740433zAn electronic book accessible through the World Wide Web; click to view c35311d35311